[Event "23rd EYCC Open U16 2013"]
[Site "Budva MNE"]
[Date "2013.10.08"]
[Round "9.6"]
[White "Hovhannisyan,Karen"]
[Black "Bellahcene,B"]
[Result "0-1"]
[WhiteElo "2123"]
[BlackElo "2319"]

1.e4 e6 2.d4 d5 3.Nd2 Be7 4.Bd3 Nf6 5.e5 Nfd7 6.Ne2 c5 7.c3 Nc6 8.Nf3 a5
9.O-O b6 10.Nf4 h5 11.Nh3 Ba6 12.Bxa6 Rxa6 13.Nfg5 Qc8 14.Be3 Nd8 15.f4 f5
16.exf6 gxf6 17.Nf3 f5 18.Ne5 c4 19.Rf3 Nf6 20.Rg3 Ng4 21.Qa4+ b5 22.Qxb5+ Nc6
23.Nf2 Bh4 24.Rh3 Bf6 25.b3 cxb3 26.axb3 Bxe5 27.fxe5 Kf7 28.Nxg4 fxg4 29.Rg3 Ne7
30.Bd2 Nf5 31.Rd3 Kg6 32.c4 dxc4 33.bxc4 Rc6 34.d5 Rxc4 35.d6 Nd4 36.Qb2 Ne2+
37.Kh1 h4 38.d7 Qc6 39.d8=Q Rxd8 40.Rxd8 h3 41.Qb1+ Rc2 42.Qf1 Nf4 43.Rg8+ Kh7
44.Rxg4 hxg2+ 45.Rxg2 Rxd2  0-1

[Event "Chinese Teams 2013"]
[Site "Qingdao CHN"]
[Date "2013.10.11"]
[Round "12.1"]
[White "Ni,Shiqun"]
[Black "Liu,Manli"]
[Result "1-0"]
[WhiteElo "2207"]
[BlackElo "2133"]

1.e4 e6 2.d4 d5 3.Nd2 Be7 4.e5 c5 5.c3 Nc6 6.Bd3 Qb6 7.Ndf3 cxd4 8.cxd4 Bb4+
9.Kf1 Be7 10.Ne2 Bd7 11.g3 Rc8 12.Kg2 h5 13.h4 Nh6 14.a3 Na5 15.Bc2 Qc6 16.Nc3 b5
17.Ng5 Nf5 18.Nh3 g6 19.Nf4 Rd8 20.Re1 Nc4 21.Bxf5 exf5 22.Qe2 Be6 23.b3 Nxa3
24.Bxa3 b4 25.Rec1 bxc3 26.Bxe7 Kxe7 27.Rxa7+ Rd7 28.Ra6 Qc8 29.Rxe6+ fxe6
30.Nxg6+ Kf7 31.Nxh8+ Qxh8 32.Rxc3 Qh6 33.Rc8 Kg7 34.Qb5 Re7 35.Qc5 Rf7 36.Qc6 Qg6
37.Qe8 Qh7 38.Qxf7+  1-0

[Event "Chigorin Memorial"]
[Site "St Petersburg RUS"]
[Date "2013.10.11"]
[Round "7.110"]
[White "Alieva,A"]
[Black "Malova,Anna"]
[Result "1-0"]
[WhiteElo "1940"]
[BlackElo "1817"]

1.e4 e6 2.d4 d5 3.Nd2 Nc6 4.Ngf3 Nf6 5.Bd3 Nb4 6.e5 Nxd3+ 7.cxd3 Ng4 8.Nb1 f6
9.Nc3 Qd7 10.h3 Nh6 11.Bxh6 gxh6 12.exf6 Qf7 13.Ne5 Qxf6 14.Qh5+ Ke7 15.Nb5 Bd7
16.Nxc7 Rc8 17.Rc1 Rg8 18.O-O Rg5 19.Qe2 a6 20.Nf3 Rg8 21.Nxd5+  1-0

[Event "Chigorin Memorial"]
[Site "St Petersburg RUS"]
[Date "2013.10.11"]
[Round "7.58"]
[White "Ivanov,Sergei V."]
[Black "Duzhakov,I"]
[Result "0-1"]
[WhiteElo "2053"]
[BlackElo "2326"]

1.e4 e6 2.d4 d5 3.Nd2 a6 4.Ngf3 c5 5.exd5 exd5 6.Qe2+ Be7 7.dxc5 Qa5 8.Nd4 Nf6
9.Nb3 Qc7 10.Nf3 O-O 11.Be3 a5 12.Nfd4 a4 13.Nb5 Qd8 14.N3d4 Na6 15.Nd6 a3
16.Nxc8 Rxc8 17.b3 Ne4 18.Rc1 Bxc5 19.Qg4 Bb4+ 20.Ke2 Nc3+ 21.Kf3 f5 22.Qh5 f4
23.Bd2 Qf6 24.Bd3 g6 25.Qg4 Qxd4 26.Bxg6 hxg6 27.Qxg6+ Qg7 28.Qe6+ Kh8 29.Bxf4 Rc6  0-1

[Event "FSIM October 2013"]
[Site "Budapest HUN"]
[Date "2013.10.13"]
[Round "8.3"]
[White "Havasi,Gergo"]
[Black "To,N"]
[Result "1-0"]
[WhiteElo "2172"]
[BlackElo "2334"]

1.e4 e6 2.d4 d5 3.Nd2 Be7 4.Bd3 c5 5.dxc5 Nf6 6.Qe2 a5 7.Ngf3 Na6 8.O-O O-O
9.e5 Nd7 10.c4 Ndxc5 11.Bb1 b6 12.Rd1 Bb7 13.Nd4 Qd7 14.b3 Rfd8 15.Bb2 a4
16.Rc1 Bg5 17.Rf1 g6 18.f4 Bh6 19.Bc3 Rac8 20.Bc2 Ba8 21.Rab1 axb3 22.axb3 Qb7
23.Ra1 Bf8 24.Ra2 dxc4 25.Nxc4 Nb4 26.Bxb4 Rxd4 27.Bc3 Rdd8 28.Rfa1 Ne4 29.Be1 Bc5+
30.Kf1 Rd4 31.Ra7 Qc6 32.R1a6 Bb7 33.Ra4 Nc3 34.Bxc3 Rxf4+ 35.Ke1 Rf2 36.Qe4 Rxg2
37.Rxb7 Rg1+ 38.Ke2 Rg2+ 39.Kf3 Rxc2 40.Qxc6 Rxc3+ 41.Kf4 Rxc6 42.Ra8+ Kg7
43.Raa7 Rh3 44.Rxf7+ Kg8 45.Nd2 Rd3 46.Rg7+ Kf8 47.Rxh7 Kg8 48.Ne4 Rd1 49.Kf3 Rd3+
50.Kg2 Be7 51.Rhxe7 Rc2+ 52.Nf2  1-0

[Event "Indonesia Open 2013"]
[Site "Jakarta INA"]
[Date "2013.10.13"]
[Round "5.18"]
[White "Liu Dede"]
[Black "Khusnutdinov,R"]
[Result "1-0"]
[WhiteElo "2375"]
[BlackElo "2509"]

1.e4 e6 2.d4 d5 3.Nd2 Nc6 4.Ngf3 Nf6 5.e5 Nd7 6.c3 f6 7.Bb5 fxe5 8.dxe5 Be7
9.O-O O-O 10.Re1 Qe8 11.Nf1 a6 12.Ba4 Nc5 13.Bc2 a5 14.a4 b6 15.Ng3 Bb7 16.Bb1 Ba6
17.b3 Rb8 18.h4 b5 19.axb5 Rxb5 20.Bc2 Rb8 21.Ba3 h6 22.h5 Rb6 23.Bc1 Nd7
24.Ra4 Kh8 25.Be3 Rb8 26.Bc1 Bb5 27.Ra1 Bc5 28.Be3 Qe7 29.Bb1 Rf7 30.Qc2 Nf8
31.Ra2 Bb6 32.Nd4 Bxd4 33.Bxd4 Nxd4 34.cxd4 Qb4 35.Rd1 a4 36.Rb2 Bc4 37.Qc1 axb3
38.Qe3 Nd7 39.Ne2 Qe7 40.Nf4 Kg8 41.g3 Nf8 42.Rc1 Rb6 43.Bd3 Qa3 44.Rcb1 Qb4
45.Bf1 Nh7 46.Nd3 Qa3 47.f4 Nf8 48.Bh3 Nd7 49.f5 Nf8 50.Nf4 exf5 51.e6 Re7
52.Bxf5 Qd6 53.Re1 Ra6 54.Rf2 Ra2 55.Rf3 Qb4 56.Ng6 Nxg6 57.Bxg6 Qd2 58.Rf8+ Kxf8
59.Qf3+  1-0

[Event "Bundesliga 2013-14"]
[Site "Munich GER"]
[Date "2013.10.13"]
[Round "2"]
[White "Hirneise,T"]
[Black "Renner,Christo"]
[Result "1-0"]
[WhiteElo "2440"]
[BlackElo "2389"]

1.e4 e6 2.d4 d5 3.Nd2 Nc6 4.Ngf3 Nf6 5.e5 Nd7 6.Nb3 a5 7.a4 Be7 8.Bb5 Ncb8
9.O-O b6 10.Re1 c6 11.Bf1 Ba6 12.Bxa6 Nxa6 13.g3 c5 14.c3 O-O 15.h4 cxd4
16.cxd4 Nb4 17.Re3 Rc8 18.Rc3 Rc6 19.Bf4 Qa8 20.h5 Rfc8 21.Qd2 Rc4 22.h6 g6
23.Bg5 Bf8 24.Nh2 Qc6 25.Rf3 Nc2 26.Rf1 Qxa4 27.Qf4 f5 28.exf6 Kf7 29.Rd3 Rb4
30.Nf3 Rxb3 31.Bh4 e5 32.Ng5+ Kg8 33.Qg4 Qc6 34.f7+ Kh8 35.Rxb3 Nxd4 36.Rc3 Bc5
37.Nf3 Nf5 38.Re1 Qd6 39.Bg5 Rf8 40.Rcc1 Rxf7 41.Rcd1 Kg8 42.Re2 e4 43.Rxe4 Nxg3
44.Re6 Qf8 45.Kg2 Ne4 46.Rxd5 Nef6 47.Qc4 Nxd5 48.Qxd5 Kh8 49.Qe4 Qg8 50.Bd2 Rxf3
51.Kxf3 Qf7+ 52.Kg4 Kg8 53.Bc3 Bf8 54.Re8 Nc5 55.Qe5 Qd7+ 56.Kg3 Kf7 57.Rxf8+ Kxf8
58.Qh8+  1-0

[Event "Chinese Teams 2013"]
[Site "Qingdao CHN"]
[Date "2013.10.13"]
[Round "14.2"]
[White "Zhai Mo"]
[Black "Gong Qianyun"]
[Result "0-1"]
[WhiteElo "2319"]
[BlackElo "2327"]

1.e4 e6 2.d4 d5 3.Nd2 Nc6 4.Ngf3 Nf6 5.e5 Nd7 6.Nb3 a5 7.a4 Be7 8.Bb5 Na7
9.Be2 b6 10.O-O O-O 11.g3 c5 12.c3 Nc6 13.h4 f6 14.exf6 Bxf6 15.Ng5 Qe8 16.Bh5 g6
17.Bg4 Bxg5 18.Bxg5 cxd4 19.cxd4 Nf6 20.Be2 Ne4 21.Bh6 Rf7 22.Rc1 Bd7 23.Nd2 Nxd4
24.Nxe4 Nxe2+ 25.Qxe2 dxe4 26.Qxe4 Bxa4 27.Rfe1 Bb3 28.Qe3 Qb5 29.Qc3 Re8
30.Re5 Bd5 31.h5 Qb4 32.Qd3 Qxb2 33.Qxd5 Qxf2+ 34.Kh1 Qxg3 35.Re2 Rf2 36.Qxe6+ Rxe6
37.Rxf2 Re8 38.Rcf1 Qh3+ 39.Kg1 Qg4+ 40.Rg2 Qxh5 41.Rh2 Qc5+ 42.Kh1 a4  0-1

[Event "TCh-FIN SM 2013-14"]
[Site "Tampere FIN"]
[Date "2013.10.13"]
[Round "4.1"]
[White "Neiksans,A"]
[Black "Karttunen,M"]
[Result "1/2-1/2"]
[WhiteElo "2551"]
[BlackElo "2446"]

1.e4 e6 2.d4 d5 3.Nd2 Nc6 4.Ngf3 Nf6 5.e5 Nd7 6.Nb3 a5 7.a4 Be7 8.Bb5 Na7
9.Bd3 b6 10.O-O O-O 11.c4 dxc4 12.Bxc4 Nc6 13.Bd2 Bb7 14.Rc1 Nb4 15.Bxb4 Bxb4
16.d5 exd5 17.Bxd5 Bxd5 18.Qxd5 Nc5 19.Qxd8 Raxd8 20.Nxc5 Bxc5 21.Rfd1 Rfe8
22.Kf1 Kf8 23.b3 h6 24.h3 Ke7 25.Ne1 Rd7 26.Nd3 Red8 27.Ke2 Bd4 28.b4 Ke8
29.bxa5 bxa5 30.f4 Rb8 31.Rb1 Rxb1 32.Rxb1 Bb6 33.Rb3 Rd4 34.Ra3 Kd7 35.g3 Ke6
36.Kf3 Kd5 37.f5 Re4 38.e6 Re3+ 39.Kg4 Kd6 40.exf7 Ke7 41.Kf4 Bd4 42.Rb3 Kxf7
43.Nc5 Re1 44.Ne6 Be5+ 45.Kf3 Ra1 46.Rb5 Ra3+ 47.Ke4 Bxg3 48.Rxa5 Bd6 49.Ra8 Rxh3
50.a5 Ra3 51.a6 g6 52.fxg6+ Kxg6 53.Kd5 Kf6 54.Nd4 Ra5+ 55.Kc6 Rc5+ 56.Kd7 Rd5
57.Nc6 Bc5+ 58.Kxc7 h5 59.Re8 h4 60.Re2 h3 61.Rc2 Bg1 62.a7 Bxa7 63.Nxa7 Rh5
64.Rh2 Kf5 65.Nc6 Kg4 66.Nd4 Kg3 67.Rh1 Kg2 68.Ra1 h2 69.Ra2+ Kg3 70.Rxh2 Rxh2
71.Kd6 Kf4 72.Ne6+ Kf5 73.Nd4+ Kf6 74.Kd5 Rh4 75.Nf3 Ra4 76.Nd4 Ra5+ 77.Ke4 Rc5
78.Kf4 Re5 79.Nf3 Rh5 80.Ke4 Ra5 81.Nd4 Kg5 82.Nf3+ Kg4 83.Ne5+ Kg3 84.Nd3 Ra4+
85.Kd5 Kg4 86.Ke5 Kf3 87.Nc5 Rh4 88.Kd5 Ke3 89.Ne6 Rh5+ 90.Kc4 Rh6 91.Kd5 Rh7
92.Nc5 Rh5+ 93.Kc4 Re5 94.Nb3 Re4+ 95.Kd5 Ra4 96.Nc5 Rb4 97.Ke5 Rd4 98.Ne6 Rh4
99.Kd5 Rh5+ 100.Kc4 Re5  1/2-1/2

[Event "35th Arco Open 2013"]
[Site "Arco ITA"]
[Date "2013.10.14"]
[Round "3.11"]
[White "Astengo,C"]
[Black "Drasko,M"]
[Result "0-1"]
[WhiteElo "2064"]
[BlackElo "2451"]

1.e4 e6 2.d4 d5 3.Nd2 Nc6 4.Ngf3 Nf6 5.e5 Nd7 6.Bb5 a6 7.Bxc6 bxc6 8.Nb3 a5
9.O-O a4 10.Bg5 f6 11.exf6 gxf6 12.Bh4 axb3 13.Ng5 Ne5 14.Nxe6 Bxe6 15.dxe5 Be7
16.exf6 Bxf6 17.Re1 Qe7 18.Bxf6 Qxf6 19.axb3 Rxa1 20.Qxa1 O-O 21.Qa7 Bd7
22.f3 Re8 23.Rxe8+ Bxe8 24.Qxc7 Qd4+ 25.Kf1 Qd1+ 26.Kf2 Qxc2+ 27.Kg3 Qxb2
28.Kh3 Qf6  0-1

[Event "7th Univ Cent Open 2013"]
[Site "Bogota COL"]
[Date "2013.10.14"]
[Round "9.8"]
[White "Sanchez L,S"]
[Black "Alvarez Pedraza,A"]
[Result "1/2-1/2"]
[WhiteElo "2340"]
[BlackElo "2490"]

1.e4 e6 2.d4 d5 3.Nd2 Nc6 4.Ngf3 Nf6 5.e5 Nd7 6.c4 Be7 7.a3 f6 8.cxd5 exd5
9.exf6 Bxf6 10.Nb3 O-O 11.Bd3 Nb6 12.Qc2 g6 13.Be3 Bg7 14.Nbd2 Bf5 15.O-O Qd6
16.h3 a6 17.Rac1 Rad8 18.Rfe1 Rd7 19.b4 Rdf7 20.Ne5 Bxe5 21.dxe5 Qe6 22.Bc5 Re8
23.Bxb6 cxb6 24.Nf3 h6 25.Qd2 g5 26.Rxc6 bxc6 27.Nd4 Qc8 28.e6 Bxe6 29.Bg6 Kf8
30.Bxf7 Bxf7 31.Rxe8+ Qxe8 32.h4 c5 33.bxc5 bxc5 34.Nf3 Qe7 35.hxg5 hxg5
36.Nxg5 Bg8 37.Qf4+ Kg7 38.Nf3 d4 39.Qg4+ Kh8 40.Qh5+ Kg7 41.Qg4+ Kh8 42.Qh5+  1/2-1/2

[Event "51st ch-IND B 2013"]
[Site "Bhopal IND"]
[Date "2013.10.15"]
[Round "5.6"]
[White "Karthikeyan,M2"]
[Black "Navin,K"]
[Result "1/2-1/2"]
[WhiteElo "2444"]
[BlackElo "2358"]

1.e4 e6 2.d4 d5 3.Nd2 Nc6 4.Ngf3 Nf6 5.e5 Nd7 6.Bb5 a6 7.Bxc6 bxc6 8.Nb3 c5
9.Bg5 Be7 10.Bxe7 Qxe7 11.dxc5 Nxc5 12.O-O O-O 13.Nxc5 Qxc5 14.c3 a5 15.Qd4 Qe7
16.b4 Ba6 17.Rfb1 c5 18.Qd2 Bc4 19.a4 cxb4 20.cxb4 axb4 21.Rxb4 Qc7 22.h3 h6
23.Qb2 Ra7 24.Nh2 Rfa8 25.Ra3 Be2 26.Rc3 Bc4 27.Ra3 Be2 28.Rg3 Bh5 29.Ng4 Kh7
30.Qd2 Bxg4 31.Rbxg4 Qxe5 32.Rxg7+ Qxg7 33.Rxg7+ Kxg7 34.Qd4+  1/2-1/2

[Event "3rd Central Asia Cup"]
[Site "Dushanbe TJK"]
[Date "2013.10.15"]
[Round "4.9"]
[White "Igonin,Temur"]
[Black "Barsov,A"]
[Result "0-1"]
[WhiteElo "2068"]
[BlackElo "2535"]

1.e4 e6 2.d4 d5 3.Nd2 Be7 4.Ngf3 Nf6 5.Bd3 c5 6.exd5 Qxd5 7.dxc5 Nbd7 8.Nb3 O-O
9.O-O Nxc5 10.Nxc5 Qxc5 11.Be3 Qc7 12.Bd4 Rd8 13.c3 b6 14.Qc2 h6 15.Rad1 Bb7
16.Bxf6 Bxf6 17.Be4 b5 18.a3 a5 19.Rxd8+ Rxd8 20.Bxb7 Qxb7 21.Rd1 Rc8 22.Qb3 Rc5
23.Nd4 Qd5 24.Qxd5 Rxd5 25.f4 g5 26.g3 b4 27.axb4 axb4 28.Kg2 Ra5 29.Nc6 Ra2
30.cxb4 Rxb2+ 31.Kf3 Bc3 32.Rd8+ Kg7 33.Rb8 Be1 34.b5 Rf2+ 35.Ke4 Rxh2 36.b6 Bxg3
37.b7 Rb2 38.Nd8 Bxf4 39.Rc8 h5 40.Kf3 Rb3+ 41.Kg2 h4 42.Kf2 Rb2+ 43.Kf3 h3  0-1

[Event "51st ch-IND B 2013"]
[Site "Bhopal IND"]
[Date "2013.10.16"]
[Round "6.21"]
[White "Deepak,Ka"]
[Black "Sharma,Di"]
[Result "0-1"]
[WhiteElo "2222"]
[BlackElo "2390"]

1.e4 e6 2.d4 d5 3.Nd2 a6 4.Ngf3 Nf6 5.e5 Nfd7 6.Bd3 c5 7.c3 Nc6 8.O-O g5
9.Nb3 h6 10.Nxc5 Nxc5 11.dxc5 Bxc5 12.Qe2 f5 13.exf6 Qxf6 14.Be3 Bxe3 15.fxe3 Bd7
16.Nh4 Qg7 17.Ng6 Rg8 18.e4 O-O-O 19.e5 Kb8 20.Rf6 Bc8 21.Raf1 Qc7 22.Kh1 Rg7
23.a3 Rdg8 24.b4 Rd8 25.a4 d4 26.b5 Na5 27.c4 axb5 28.axb5 Qc5 29.Rf7 Rxf7
30.Rxf7 Qa3 31.h3 Qc3 32.Rf3 g4 33.hxg4 Qc1+ 34.Rf1 Qa3 35.Kh2 Nb3 36.Rf3 Nc5
37.Nf4 Qa1 38.Rf1 Qa3 39.Rf3 Qa1 40.Nh3 Qa5 41.Nf4 Qc7 42.Bb1 Rg8 43.Rh3 Rg5
44.Rh5 Qg7 45.Rxg5 hxg5 46.Nd3 Nxd3 47.Bxd3 Qc7 48.Kg1 Qc5 49.Qa2 Kc7 50.Qa5+ Kd7
51.Qe1 Kc7 52.Qg3 Kb8 53.Qe1 b6 54.Qg3 Bb7 55.Qh2 Qa3 56.Qh3 Qc1+ 57.Kh2 Qd2
58.Bg6 Qe2 59.Qg3 Be4 60.Bxe4 Qxe4 61.Qh3 Qxe5+ 62.Kh1 Qf4  0-1

[Event "TCh-AUT 2nd West 2013-14"]
[Site "Austria AUT"]
[Date "2013.10.20"]
[Round "3.4"]
[White "Levushkina,E"]
[Black "Matt,S"]
[Result "1-0"]
[WhiteElo "2303"]
[BlackElo "2077"]

1.e4 e6 2.d4 d5 3.Nd2 Nc6 4.Ngf3 Nf6 5.e5 Nd7 6.Be2 f6 7.exf6 Qxf6 8.Nf1 Bd6
9.Ng3 O-O 10.O-O h6 11.c4 Qf7 12.a3 Ne7 13.b3 c6 14.Bb2 Ng6 15.Qc2 Nf4 16.Bd1 Re8
17.Re1 g5 18.Qd2 Rf8 19.Ra2 b6 20.Bc1 Ba6 21.Qc3 Rae8 22.Ne5 Nxe5 23.dxe5 Bc5
24.Be3 Qe7 25.Bxf4 Rxf4 26.Nh5 Bd4 27.Qd3 dxc4 28.Qg6+ Kh8 29.Nxf4 gxf4 30.Qxh6+ Kg8
31.Qxf4 cxb3 32.Bxb3 c5 33.Qg4+ Kh8 34.Qh5+  1-0

[Event "TCh-CZE Vychod 2013-14"]
[Site "Czech Rep CZE"]
[Date "2013.10.20"]
[Round "1.2"]
[White "Andreev,Ed UKR"]
[Black "Adamek,J"]
[Result "1-0"]
[WhiteElo "2508"]
[BlackElo "2298"]

1.e4 e6 2.d4 d5 3.Nd2 Be7 4.Ngf3 Nf6 5.e5 Nfd7 6.Bd3 c5 7.c3 Nc6 8.O-O g5
9.dxc5 Nxc5 10.Bb5 Nd7 11.Re1 Qb6 12.a4 g4 13.Bxc6 bxc6 14.Nd4 c5 15.Nb5 h5
16.b4 cxb4 17.cxb4 a6 18.Nd6+ Bxd6 19.exd6 e5 20.Nb3 Qxd6 21.Ba3 Bb7 22.b5 Qb6
23.Nd4 axb5 24.Nxb5 Rh6 25.Rb1 Qc6 26.Rc1 Qb6 27.Nc7+ Kd8 28.Nxd5 Qa5 29.Rxe5 Nxe5
30.Nf6+ Bd5 31.Nxd5 Nd7 32.Qd4 Qxa4 33.Qxa4 Rxa4 34.Be7+  1-0

[Event "17th Unive Open 2013"]
[Site "Hoogeveen NED"]
[Date "2013.10.20"]
[Round "3.26"]
[White "De Jonge,Boris"]
[Black "Kollen,Z"]
[Result "1/2-1/2"]
[WhiteElo "2002"]
[BlackElo "2188"]

1.e4 e6 2.d4 d5 3.Nd2 Be7 4.Ngf3 Nf6 5.e5 Nfd7 6.Bd3 c5 7.c3 b6 8.h4 Ba6
9.Bxa6 Nxa6 10.Ng5 cxd4 11.cxd4 Nb4 12.Kf1 Qc8 13.Ndf3 h6 14.Nh3 Nxa2 15.Bd2 Nb4
16.Qa4 a5 17.Rc1 Qa6+ 18.Kg1 b5 19.Qd1 Rc8 20.Nf4 Rxc1 21.Bxc1 Qc6 22.Kh2 Qc2
23.Qxc2 Nxc2 24.Bd2 Nb4 25.Ra1 Nc6 26.Rc1 Ndb8 27.Bxa5 Kd7 28.Bd2 g5 29.Ne2 g4
30.Ne1 Bxh4 31.Nd3 Be7 32.b4 Na6 33.Ra1 Nc7 34.Nc5+ Bxc5 35.bxc5 b4 36.Rb1 Ra8
37.Rb2 Ra4 38.Bxh6 Nb5 39.Be3 Na3 40.Nc1 Nc4 41.Rb1 N6a5 42.Kg3 Kc6 43.Kxg4 Kb5
44.Kg5 Ra3 45.Kf6 Nxe3 46.fxe3 Rxe3 47.Kxf7 Nc6 48.Kxe6 Nxd4+ 49.Kxd5 Nc6
50.Kd6 Nxe5 51.Nb3 Nc4+ 52.Kd5 Re5+ 53.Kd4 Rg5 54.c6 Rxg2 55.Rc1 Rg4+ 56.Kd5 Rg5+
57.Ke6 Kxc6  1/2-1/2

[Event "29th ECC Open 2013"]
[Site "Rhodes GRE"]
[Date "2013.10.20"]
[Round "1.2"]
[White "Kovalev,Vl"]
[Black "Van de Griendt,JW"]
[Result "1-0"]
[WhiteElo "2563"]
[BlackElo "2317"]

1.e4 e6 2.d4 d5 3.Nd2 Be7 4.Bd3 c5 5.dxc5 Nf6 6.Qe2 O-O 7.Ngf3 a5 8.O-O Na6
9.e5 Nd7 10.c3 Naxc5 11.Bc2 b6 12.Re1 f6 13.exf6 Bxf6 14.Nb3 Bb7 15.Nxc5 Nxc5
16.Be3 Re8 17.Bd4 Bxd4 18.cxd4 Ne4 19.Ne5 Rc8 20.Bd3 Qf6 21.Qe3 Re7 22.Re2 Rcc7
23.Rae1 g6 24.f3 Nd6 25.Ng4 Qg7 26.Qf4 Nf5 27.Bxf5 gxf5 28.Nh6+ Kh8 29.Rxe6 Bc8
30.Nxf5 Rxe6 31.Rxe6  1-0

[Event "Guernsey Open 2013"]
[Site "Guernsey GCI"]
[Date "2013.10.22"]
[Round "3"]
[White "Schmitz,A1"]
[Black "Kraft,Karl-Heinz"]
[Result "1-0"]
[WhiteElo "2049"]
[BlackElo "2023"]

1.e4 e6 2.d4 d5 3.Nd2 Nc6 4.Ngf3 Nf6 5.e5 Nd7 6.c3 f6 7.exf6 Qxf6 8.Bb5 e5
9.O-O e4 10.Ne1 Bd6 11.Qh5+ Qg6 12.Qxd5 Nf6 13.Bxc6+ Ke7 14.Qc4 Qh5 15.g3 bxc6
16.f3 Bh3 17.Ng2 e3 18.Qe2 Kd7 19.Qxe3 Rae8 20.Ne4 Rhf8 21.Qg5 Qf7 22.Nxf6+ gxf6
23.Qh4 Be6 24.Bf4 Bxa2 25.Bxd6 cxd6 26.d5 Qxd5 27.Qxh7+ Re7 28.Ne3 Qe6 29.Qf5 Kc8
30.Rxa2  1-0

[Event "29th ECC Open 2013"]
[Site "Rhodes GRE"]
[Date "2013.10.22"]
[Round "3.10"]
[White "Burg,T"]
[Black "Townsend,M"]
[Result "1-0"]
[WhiteElo "2499"]
[BlackElo "2233"]

1.e4 e6 2.d4 d5 3.Nd2 Nc6 4.Ngf3 Nf6 5.e5 Nd7 6.Be2 Be7 7.Nf1 O-O 8.Ne3 f6
9.exf6 Nxf6 10.O-O Bd6 11.c3 a6 12.Re1 Qe8 13.Bd3 Qh5 14.Nf1 Bd7 15.Ng3 Bxg3
16.fxg3 Ne7 17.Bf4 Rac8 18.h3 Qe8 19.Ng5 Ng6 20.Qc2 Nh5 21.Be5 Bb5 22.Bxb5 axb5
23.g4 Nf6 24.Bh2 Qd7 25.Nxe6 Rfe8 26.Ng5 Re7 27.Bg3 Rce8 28.Rxe7 Rxe7 29.Qf5 Qe8
30.h4 h6 31.Nf3 c6 32.h5 Ne4 33.Qxg6 Qxg6 34.hxg6 Nxg3 35.Ne5 Re8 36.Kh2 Ne4
37.a4 Ra8 38.a5 Nd2 39.a6 bxa6 40.Nxc6 Nc4 41.Ne7+ Kf8 42.Nxd5 Nxb2 43.Rf1+ Kg8
44.Ne7+ Kh8 45.Rf7  1-0

[Event "29th ECC Open 2013"]
[Site "Rhodes GRE"]
[Date "2013.10.23"]
[Round "4.12"]
[White "Petenyi,T"]
[Black "Johansson,Linus"]
[Result "1-0"]
[WhiteElo "2464"]
[BlackElo "2321"]

1.e4 e6 2.d4 d5 3.Nd2 Be7 4.Bd3 c5 5.dxc5 Bxc5 6.Ngf3 Nf6 7.Qe2 Nc6 8.O-O a6
9.exd5 Qxd5 10.Ne4 Nxe4 11.Bxe4 Qd6 12.Rd1 Qc7 13.b3 Bd7 14.Bb2 f6 15.Bf5 Kf7
16.Be4 Rad8 17.Rd3 Nb4 18.Rdd1 Bc6 19.Rxd8 Rxd8 20.Re1 Bxe4 21.Qxe4 Qb6 22.Rf1 Kg8
23.a3 Nd5 24.b4 Be7 25.c4 Nc7 26.Nd4 a5 27.b5 e5 28.Nf5 Bc5 29.Qe2 Ne6 30.g3 Rd7
31.Bc3 Qd8 32.a4 Nd4 33.Bxd4 Bxd4 34.c5 g6 35.Qc4+ Kh8 36.Nxd4 Rxd4 37.Qf7 Rd7
38.Qe6 Kg7 39.c6 Rd6 40.Qc4 bxc6 41.bxc6 Qc7 42.Rc1 Rd4 43.Qc2 Rd6 44.Kg2 Kh6
45.Qc5 Kg7 46.Qxd6  1-0

[Event "29th ECC Open 2013"]
[Site "Rhodes GRE"]
[Date "2013.10.23"]
[Round "4.25"]
[White "Zimmermann,L"]
[Black "Grodotzki,K"]
[Result "1-0"]
[WhiteElo "2102"]
[BlackElo "1979"]

1.e4 e6 2.d4 d5 3.Nd2 Nc6 4.Ngf3 Nf6 5.e5 Nd7 6.c3 f6 7.Bb5 a6 8.Bxc6 bxc6
9.O-O fxe5 10.dxe5 Be7 11.Nb3 c5 12.Na5 Nb8 13.Qa4+ Qd7 14.Qg4 O-O 15.Bh6 Bd8
16.Nb3 Kh8 17.Nxc5 Qe7 18.Be3 Qf7 19.Bg5 Be7 20.Bxe7 Qxe7 21.b4 Nc6 22.a3 a5
23.Nb3 Bd7 24.Rfe1 Rab8 25.Nfd4 Nxd4 26.Qxd4 a4 27.Nc5 Bb5 28.Re3 Rf5 29.Rae1 Rbf8
30.f3 Rf4 31.Qd1 Qe8 32.Nd3 R4f5 33.Nb2 Rf4 34.Qc2 Qa8 35.Nd3 R4f5 36.Rd1 Qe8
37.Nc5 Rf4 38.Rd4 R4f5 39.Qd1 Qc6 40.Qe1 Qe8 41.Qg3 Qe7 42.Rg4 R8f7 43.Kf2 Rf8
44.Ke1 R5f7 45.Kd2 Qe8 46.Kc1 Re7 47.Kb2 Bc4 48.Re1 Qb5 49.Qf2 Rb8 50.Qd4 Qe8
51.h4 Rf7 52.Rf4 Rxf4 53.Qxf4 Qe7 54.Qd4 Ra8 55.Qg4 Re8 56.Nxa4 Rb8 57.Qd4 Qf7
58.Nc5 Qg6 59.g4 Rb6 60.Qf4 Qe8 61.h5 Rb8 62.h6 Qe7 63.hxg7+ Kxg7 64.Qf6+ Qxf6
65.exf6+ Kxf6 66.Nd7+  1-0

[Event "29th ECC Open 2013"]
[Site "Rhodes GRE"]
[Date "2013.10.24"]
[Round "5.12"]
[White "Codenotti,M"]
[Black "Kuipers,S"]
[Result "0-1"]
[WhiteElo "2374"]
[BlackElo "2411"]

1.e4 e6 2.d4 d5 3.Nd2 Be7 4.Ngf3 Nf6 5.e5 Nfd7 6.Bd3 c5 7.c3 b6 8.O-O Ba6
9.Ne1 Bxd3 10.Nxd3 Nc6 11.Qg4 g6 12.Nf3 h6 13.h4 Qc7 14.h5 c4 15.Nf4 g5 16.Nh3 f5
17.exf6 Nxf6 18.Qxe6 Qd7 19.Qe2 O-O-O 20.Ne5 Nxe5 21.dxe5 Ne4 22.b3 Bc5 23.Be3 Nxc3
24.Qe1 Bxe3 25.Qxc3 Bc5 26.bxc4 Qf5 27.Qf3 Qxf3 28.gxf3 dxc4 29.Rfe1 Rd2
30.Rac1 b5 31.e6 Ba3 32.Rc3 Bb2 33.Rce3 c3 34.R3e2 Rxe2 35.Rxe2 Kd8 36.Kg2 Ke7
37.f4 Rc8 38.Rc2 g4 39.Ng1 Rd8  0-1

[Event "29th ECC Open 2013"]
[Site "Rhodes GRE"]
[Date "2013.10.24"]
[Round "5.13"]
[White "Solak,D"]
[Black "Karttunen,M"]
[Result "1-0"]
[WhiteElo "2611"]
[BlackElo "2445"]

1.e4 e6 2.d4 d5 3.Nd2 Nc6 4.Ngf3 Nf6 5.e5 Nd7 6.Bd3 Nb4 7.Be2 c5 8.c3 Nc6
9.O-O a5 10.Re1 cxd4 11.cxd4 a4 12.Nf1 Be7 13.h3 a3 14.bxa3 Bxa3 15.Bxa3 Rxa3
16.Qc1 Qa5 17.Bb5 Rxf3 18.Bxc6 Rc3 19.Bxd7+ Bxd7 20.Qf4 O-O 21.Ng3 Bb5 22.Re3 Rxe3
23.Qxe3 Rc8 24.Rb1 Ba6 25.Rc1 Rxc1+ 26.Qxc1 Bc4 27.a3 h6 28.Kh2 b5 29.f4 Qa7
30.Qe3 Qe7 31.Qf3 g6 32.Nh1 Qa7 33.Qe3 Kg7 34.Nf2 h5 35.g4 hxg4 36.hxg4 Qa4
37.Qc3 Qa7 38.Kg3 Kf8 39.Nh3 Ke8 40.Kh4 Qe7+ 41.Ng5 f6 42.exf6 Qxf6 43.Kg3 Kd7
44.Nf3 Ke8 45.Qa5 Be2 46.Ne5 g5 47.Qa8+ Ke7 48.Qb7+ Ke8 49.Qc8+ Ke7 50.fxg5 Qf1
51.Qd7+ Kf8 52.Ng6+ Kg8 53.Qe8+ Kg7 54.Qh8+ Kxg6 55.Qg8+  1-0

[Event "29th ECC Open 2013"]
[Site "Rhodes GRE"]
[Date "2013.10.25"]
[Round "6.23"]
[White "Arben,A"]
[Black "Farrell,N"]
[Result "0-1"]
[WhiteElo "1967"]
[BlackElo "2147"]

1.e4 e6 2.d4 d5 3.Nd2 Be7 4.Ngf3 Nf6 5.Bd3 c5 6.exd5 Qxd5 7.dxc5 O-O 8.O-O Na6
9.Bxa6 bxa6 10.b4 a5 11.a3 Rd8 12.Qe2 axb4 13.axb4 a5 14.c4 Qb7 15.Ne5 Bd7
16.b5 Bxc5 17.Nb3 Bb4 18.Bg5 a4 19.Nd4 Bc3 20.Ndc6 Bxc6 21.Nxc6 Bxa1 22.Nxd8 Qe4
23.Qxe4 Nxe4 24.Rxa1 Nxg5 25.Nc6 Ne4 26.Nb4 Nc5 27.Kf1 Kf8 28.Na6 Nxa6 29.Rxa4 Nc7
30.Rb4 Ke7 31.b6 Ne8 32.c5 Kd7 33.Rd4+ Kc6 34.Rd1 Rb8 35.Ke2 Nf6 36.Ra1 Nd7
37.Ra7 Rb7 38.Ra8 Nxc5 39.Rh8 h6 40.Rg8 f6 41.Kf3 Kxb6 42.Kg4 Kc6 43.f4 Kd5
44.Kh5  0-1

[Event "29th ECC Open 2013"]
[Site "Rhodes GRE"]
[Date "2013.10.25"]
[Round "6.11"]
[White "Palliser,R"]
[Black "Ostenstad,B"]
[Result "0-1"]
[WhiteElo "2455"]
[BlackElo "2465"]

1.e4 e6 2.d4 d5 3.Nd2 Be7 4.Ngf3 Nf6 5.e5 Nfd7 6.Bd3 c5 7.O-O b6 8.c4 Bb7
9.cxd5 Bxd5 10.Ne4 cxd4 11.Nd6+ Bxd6 12.exd6 Nc6 13.Bb5 O-O 14.Bxc6 Bxc6
15.Nxd4 Bb7 16.Re1 Qf6 17.Re3 Rfd8 18.Rg3 h6 19.Nb5 Nf8 20.Be3 Ng6 21.Rc1 Rd7
22.Qg4 Qxb2 23.Nc7 Rc8 24.h4 Rxd6 25.h5 Ne7 26.Bxh6 Nf5 27.Bxg7 Qxg7 28.Qxg7+ Nxg7
29.h6 Rd7 30.Ne8 Rxe8 31.Rxg7+ Kh8  0-1

[Event "29th ECC Open 2013"]
[Site "Rhodes GRE"]
[Date "2013.10.25"]
[Round "6.23"]
[White "Idrizaj,A"]
[Black "Buchanan,W"]
[Result "1-0"]
[WhiteElo "2249"]
[BlackElo "2122"]

1.e4 e6 2.d4 d5 3.Nd2 Nc6 4.c3 dxe4 5.Nxe4 Be7 6.Nf3 Nf6 7.Bd3 Nxe4 8.Bxe4 Bf6
9.Qc2 h6 10.Be3 Bd7 11.b4 Qe7 12.a4 g5 13.h3 Kf8 14.Qd2 Kg7 15.Rb1 Rad8 16.O-O Be8
17.c4 b6 18.Rfd1 a5 19.b5 Nb4 20.Qc1 Na2 21.Qd2 Nb4 22.Qe2 Kg8 23.Ne5 Bg7
24.g4 Bf6 25.Kg2 Kg7 26.Bc1 Qd6 27.Ba3 Qe7 28.Qf3 Qd6 29.Bb2 Qe7 30.Re1 Qd6
31.Rbd1 Qe7 32.Bb1 c5 33.d5 Qc7 34.d6 Rxd6 35.Rxd6 Qxd6 36.Nxf7 Qe7 37.Bxf6+ Qxf6
38.Nxh8 Qxf3+ 39.Kxf3 Kxh8 40.Rxe6 Bf7 41.Rxh6+ Kg8 42.Rxb6 Bxc4 43.Rg6+ Kf8
44.Rxg5 Bd5+ 45.Be4  1-0

[Event "Guernsey Open 2013"]
[Site "Guernsey GCI"]
[Date "2013.10.26"]
[Round "7"]
[White "Reijneveld,A"]
[Black "Purdon,C"]
[Result "1/2-1/2"]
[WhiteElo "2135"]
[BlackElo "2132"]

1.e4 e6 2.d4 d5 3.Nd2 Be7 4.e5 c5 5.c3 Nc6 6.Ndf3 cxd4 7.cxd4 Bb4+ 8.Bd2 Qb6
9.Bxb4 Qxb4+ 10.Qd2 Bd7 11.Rc1 Nge7 12.Bd3 O-O 13.Ne2 Qxd2+ 14.Kxd2 f6 15.Ke3 Ng6
16.Bxg6 hxg6 17.Nc3  1/2-1/2

[Event "13th Sautron Open 2013"]
[Site "Sautron FRA"]
[Date "2013.10.26"]
[Round "1.9"]
[White "Picard,Re"]
[Black "Drasko,M"]
[Result "0-1"]
[WhiteElo "2050"]
[BlackElo "2451"]

1.e4 e6 2.d4 d5 3.Nd2 Nc6 4.Ngf3 Nf6 5.e5 Nd7 6.Bb5 a6 7.Bxc6 bxc6 8.c4 dxc4
9.Nxc4 Nb6 10.Nxb6 cxb6 11.O-O Be7 12.Be3 O-O 13.Nd2 Qd5 14.Qg4 f5 15.exf6 Rxf6
16.Qe4 Rg6 17.Rac1 Bb7 18.Qxd5 exd5 19.Bf4 Rf8 20.Be5 Bc8 21.f4 Bf5 22.Nf3 c5
23.Kh1 c4 24.h3 h5 25.h4 Rg4 26.Rf2 b5 27.b3 Ba3 28.Rcc2 Bxc2 29.Rxc2 Be7
30.bxc4 bxc4 31.Rb2 Rc8  0-1